000 00408nam a2200169Ia 4500
005 20250423100502.0
008 250422s9999 xx 000 0 und d
020 _a9780740931161
050 _aP 92 .P47/
245 0 _aPerspective on mass media
260 _aWSC
260 _bBYU Academic Publishing and Brgham young university
260 _c2008
300 _a154 p
650 _aMedia
942 _cBK
999 _c33448
_d33448